书目信息 |
| 题名: |
扬声器系统
|
|
| 作者: | 山本武夫 编著 ;王以真 , 吴光威 译 | |
| 分册: | 上册 | |
| 出版信息: | 北京 国防工业出版社 1984 |
|
| 页数: | 282页 | |
| 开本: | 21cm | |
| 丛书名: | ||
| 单 册: | ||
| 中图分类: | TN643 | |
| 科图分类: | ||
| 主题词: | 扬声器系统 | |
| 电子资源: | ||
| ISBN: | ||
| 000 | 00745nam0 2200265 45 | |
| 001 | 0184016298 | |
| 005 | 20040518091008.2 | |
| 010 | @dCNY1.20 | |
| 091 | @a15034.2562 | |
| 100 | @a19950621d1984 em y0chiy0121 ea | |
| 101 | 1 | @achi@cjpn |
| 102 | @aCN@b110000 | |
| 105 | @ay z 000yy | |
| 106 | @ar | |
| 200 | 10 | @a扬声器系统@h上册@Ayang sheng qi xi tong@f(日)山本武夫编著@g王以真,吴光威译 |
| 210 | @a北京@c国防工业出版社@d1984 | |
| 215 | @a282页@d21cm | |
| 606 | @a扬声器系统 | |
| 690 | @aTN643@v3 | |
| 701 | 0 | @a山本武夫@Ashan ben wu fu@4编著 |
| 702 | 0 | @a王以真@Awang yi zhen@4译 |
| 702 | 0 | @a吴光威@Awu guang wei@4译 |
| 801 | 0 | @aCN@b上海图书馆@c20040518 |
| 801 | 2 | @aCN@bNLC@c20040518 |
| 905 | @f2@b110873-874@dTN643@e24:1 | |
| 扬声器系统.上册/(日)山本武夫编著/王以真,吴光威译.-北京:国防工业出版社,1984 |
| 282页;21cm |
| ISBN :CNY1.20 |
| ● |
| 相关链接 |
|
|
|
|
正题名:扬声器系统
索取号:TN643/24:1
 
预约/预借
| 序号 | 登录号 | 条形码 | 馆藏地/架位号 | 状态 | 备注 |
| 1 | 0110873 | 001354279 | 第三借阅区/ [索取号:TN643/24:1] | 在馆 | |
| 2 | 0110874 | 001354233 | 第三借阅区/ [索取号:TN643/24:1] | 在馆 | |
| 3 | 0110875 | 001354199 | 第二样本阅览室/ [索取号:TN643/24:1] | 在馆 |